A munkaalkoholizmus fogságában A munkafüggőség vizsgálata a nemek között

Bibliographic Details
Main Author: Palkó Bettina
Other Authors: Csillag Dr. Sára
Format: Thesis
Kulcsszavak:Munkaalkoholizmus
Addikciók
Nemek
Online Access:http://dolgozattar.uni-bge.hu/9054

MARC

LEADER 00000nta a2200000 i 4500
001 dolg9054
005 20161215121628.0
008 161215suuuu hu om 000 hun d
040 |a BGE Dolgozattár Repozitórium  |b hun 
041 |a hu 
100 1 |a Palkó Bettina 
245 1 2 |a A munkaalkoholizmus fogságában A munkafüggőség vizsgálata a nemek között  |c Palkó Bettina  |h [elektronikus dokumentum] 
695 |a Munkaalkoholizmus 
695 |a Addikciók 
695 |a Nemek 
700 1 |a Csillag Dr. Sára  |e ths 
856 4 0 |u http://dolgozattar.uni-bge.hu/9054/1/Palk%C3%B3Bettina_szakdolgozat%202016.pdf  |z Dokumentum-elérés 
856 4 0 |u http://dolgozattar.uni-bge.hu/9054/2/Palk%C3%B3_Bettina%20Nyilatkozat.pdf  |z Dokumentum-elérés